000 01593nam a22002537a 4500
999 _c57944
_d57944
003 Ge_BSU
005 20210405160929.0
008 210405s72 ge ||||| |||| 00| 0 geo d
020 _a9789941973819
041 _ageo
080 _a72 ტ-28
245 _aტაო - კლარჯეთის ციხე - სიმაგრეები :
_b2 ტომი. (შავშეთ - კლარჯეთის ფორტიფიკაციები) /
_cსამტომეულის საერთო რედაქტორები : გიორგი ბაგრატიონი, ბონდო კუპატაძე, ჯაბა სამუშია; თსუ, საქართველოს ისტორიის ინსტიტუტი.
264 _aთბილისი :
_bთსუ,
_c2020.
300 _a364 გვ.;
_bილ.,
_c30 სმ.
546 _aპარალ. სათ. ინგლ. ენ.
653 _aტაო-კლარჯეთის არქიტექტურული ძეგლები
653 _aშავშეთ - კლარჯეთი
653 _aისტორია
700 _a ბაგრატიონი, გიორგი
_eრედაქტორი
_911068
700 _a კუპატაძე, ბონდო
_eრედაქტორი
_911069
700 _aჯაბა სამუშია.
_eრედაქტორი
_911070
710 _aთსუ ;
_bსაქართველოს ისტორიის ინსტიტუტი
_911072
942 _2udc
_cBK